[Event "British Rapidplay"]
[Site "Peterborough"]
[Date "2024.03.03"]
[Round "10"]
[White "Alizada, Eldar"]
[Black "Rich, Aaron"]
[Result "1-0"]
[WhiteElo "1998"]
[BlackElo "1797"]
[PlyCount "93"]
[EventDate "2024.03.02"]
[EventType "swiss (rapid)"]
[EventRounds "11"]
[EventCountry "ENG"]
[SourceTitle "CB10_2024"]
[SourceDate "2024.03.06"]
[SourceVersion "1"]
[SourceVersionDate "2024.03.06"]
[SourceQuality "1"]

1. d4 f5 2. Nc3 Nf6 3. Bg5 e6 4. e4 fxe4 5. Nxe4 Be7 6. Bxf6 Bxf6 7. Nf3 0-0 8. Bd3 b6 9. 0-0 Bb7 10. c3 Qe8 11. Qc2 Qh5 12. Ng3 Qh6 13. Be4 Nc6 14. Rad1 Na5 15. Rfe1 Bh4 16. Ne5 Bxg3 17. hxg3 d6 18. Ng4 Qh5 19. Bxb7 Nxb7 20. Qe4 Rae8 21. Qxb7 Qxg4 22. Qxc7 Qf5 23. Rd2 Qg5 24. Rde2 Rf6 25. Qxa7 Rh6 26. Re4 Rf8 27. Qa6 Qd2 28. Qe2 Qg5 29. Rxe6 Kh8 30. Re8 Rhf6 31. Qe7 Qf5 32. f3 h6 33. Rxf8+ Rxf8 34. Qxd6 Rf6 35. Qe5 Qc2 36. Qe8+ Kh7 37. Qe4+ Qxe4 38. Rxe4 g5 39. d5 Kg7 40. c4 Rd6 41. Re6 Rd8 42. Rxb6 h5 43. d6 h4 44. gxh4 g4 45. fxg4 Rf8 46. d7 Kf7 47. Rd6 1-0

[Event "British Rapidplay"]
[Site "Peterborough"]
[Date "2024.03.03"]
[Round "7"]
[White "Rich, Aaron"]
[Black "Garnett, John S"]
[Result "1-0"]
[WhiteElo "1797"]
[BlackElo "1878"]
[PlyCount "121"]
[EventDate "2024.03.02"]
[EventType "swiss (rapid)"]
[EventRounds "11"]
[EventCountry "ENG"]
[SourceTitle "CB10_2024"]
[SourceDate "2024.03.06"]
[SourceVersion "1"]
[SourceVersionDate "2024.03.06"]
[SourceQuality "1"]

1. b3 e5 2. Bb2 Nc6 3. e3 a6 4. Ne2 Nf6 5. f4 exf4 6. Nxf4 g6 7. Qf3 Bg7 8. Nd5 Nh5 9. Ndc3 0-0 10. Na4 Bxb2 11. Nxb2 Qf6 12. Nc3 Qxf3 13. gxf3 Nf6 14. a3 d5 15. 0-0-0 Re8 16. Bg2 d4 17. exd4 Nxd4 18. Rde1 Bf5 19. d3 Rad8 20. Nc4 Nh5 21. f4 Nxf4 22. Bxb7 Nxb3+ 23. Kb2 Nc5 24. Be4 Nxe4 25. Nxe4 Kg7 26. Ncd2 Rb8+ 27. Kc1 Bg4 28. Ng3 Nd5 29. Nde4 Rb6 30. h3 Bf3 31. Rhf1 Bxe4 32. Rxe4 Reb8 33. Kd2 Re6 34. Rxe6 fxe6 35. Ne4 e5 36. Ng5 Nf4 37. h4 Rb6 38. Re1 Ng2 39. Re4 Rf6 40. Rxe5 Nxh4 41. Re7+ Kh6 42. Nf7+ Kh5 43. Rxc7 Nf5 44. Ne5 h6 45. Rc4 g5 46. Re4 Nd6 47. Re1 g4 48. Rh1+ Kg5 49. c4 h5 50. c5 Nb5 51. c6 g3 52. a4 Nc7 53. Rb1 h4 54. Rb7 g2 55. Rxc7 h3 56. Rg7+ Kf4 57. c7 Rf8 58. Ng6+ Kf3 59. Nxf8 h2 60. c8Q h1Q 61. Qf5# 1-0

[Event "Hull 4NCL op-A"]
[Site "Hull"]
[Date "2023.09.08"]
[Round "1"]
[White "Chan, Sheng Liang Bernard"]
[Black "Rich, Aaron"]
[Result "1-0"]
[WhiteElo "2090"]
[BlackElo "1599"]
[PlyCount "97"]
[EventDate "2023.09.08"]
[EventType "swiss"]
[EventRounds "5"]
[EventCountry "ENG"]
[SourceTitle "EXT 2024"]
[Source "ChessBase"]
[SourceDate "2023.10.10"]
[SourceVersion "1"]
[SourceVersionDate "2023.10.10"]
[SourceQuality "1"]

1. d4 f5 2. Nc3 Nf6 3. Bg5 e6 4. e4 fxe4 5. Nxe4 Be7 6. Bxf6 Bxf6 7. Qh5+ g6 8. Qh6 d5 9. Nxf6+ Qxf6 10. 0-0-0 Nc6 11. Nf3 Bd7 12. Bb5 Nb8 13. Bd3 Nc6 14. Bb5 Nb8 15. Bd3 Nc6 16. Rhe1 0-0-0 17. Qe3 Rde8 18. Rd2 Re7 19. Ne5 Rhe8 20. f4 Kb8 21. Bb5 Nxe5 22. fxe5 Qg7 23. Bd3 Rf7 24. Rf1 Ref8 25. Rdd1 Kc8 26. h4 Rxf1 27. Rxf1 Rxf1+ 28. Bxf1 Qf8 29. Bd3 Qf7 30. Kd2 Be8 31. Ke2 Bd7 32. Qg5 Be8 33. g4 Bd7 34. Ke3 Be8 35. c3 Kd7 36. b4 Kc8 37. Qf6 Qxf6 38. exf6 Bf7 39. Kf4 h6 40. Ke5 Kd7 41. a4 c6 42. c4 Kc7 43. cxd5 exd5 44. Bxg6 Bxg6 45. Ke6 b5 46. axb5 cxb5 47. h5 Be8 48. Ke7 a5 49. Kxe8 1-0

[Event "Harrogate 4NCL op-B 29th"]
[Site "Harrogate"]
[Date "2023.01.20"]
[Round "1"]
[White "Stone, Ian C"]
[Black "Rich, Aaron"]
[Result "1/2-1/2"]
[WhiteElo "1729"]
[BlackElo "1857"]
[PlyCount "127"]
[EventDate "2023.01.20"]
[EventType "swiss"]
[EventRounds "5"]
[EventCountry "ENG"]
[SourceTitle "CBM 212 Extra"]
[Source "ChessBase"]
[SourceDate "2023.03.31"]
[SourceVersion "1"]
[SourceVersionDate "2023.03.31"]
[SourceQuality "1"]

1. e4 c5 2. Nf3 Nc6 3. d4 cxd4 4. Nxd4 g6 5. Be2 Bg7 6. c3 Nf6 7. Nd2 0-0 8. 0-0 a6 9. Nxc6 bxc6 10. Bf3 d5 11. Qe2 e6 12. Rd1 a5 13. Nf1 Ba6 14. Qe1 Qc7 15. Ng3 Rab8 16. Rb1 Bc4 17. b3 a4 18. Ba3 axb3 19. axb3 Rxb3 20. Bxf8 Kxf8 21. Rxb3 Bxb3 22. Ra1 Bh6 23. Qb1 Bc4 24. Ra8+ Kg7 25. Qb8 Qxb8 26. Rxb8 Bd2 27. exd5 cxd5 28. Be2 Nd7 29. Rd8 Bxe2 30. Nxe2 Nf6 31. c4 Ba5 32. Ra8 Bb6 33. Ra6 Bc5 34. cxd5 exd5 35. Nc1 Ne4 36. Nd3 Bd4 37. Ra5 Nf6 38. Nf4 Bc3 39. Ra4 Be5 40. f3 d4 41. Nd3 Bc7 42. g3 Nd5 43. Kf1 Bb6 44. Ra6 Bc7 45. Ra7 Bb6 46. Rb7 Ba5 47. Ne5 Bc7 48. f4 h5 49. Ke2 Kf6 50. Nc6 Bb6 51. Kd3 Kg7 52. Nxd4 Bxd4 53. Kxd4 Nf6 54. h3 Ne8 55. Ke5 Nf6 56. Re7 Ng8 57. Ra7 Nh6 58. Ke4 Ng8 59. g4 Nf6+ 60. Kf3 hxg4+ 61. hxg4 Ne8 62. Re7 Kf8 63. Ra7 Kg7 64. Re7 1/2-1/2